| 000 | 00495nam a2200193Ia 4500 | ||
|---|---|---|---|
| 005 | 20250326141528.0 | ||
| 008 | 250326s9999 xx 000 0 und d | ||
| 037 | _aTextbook | ||
| 040 |
_aFMSL _beng _cFMSL |
||
| 041 |
_aeng _2eng |
||
| 084 | _qFMSL | ||
| 100 | _aEvans James R | ||
| 245 | 0 |
_aApplied production and operations management _cEvans James R |
|
| 250 | _a2 | ||
| 260 |
_a. _b., West Pub. Cost. Paul. _c1990 |
||
| 300 | _a899p | ||
| 942 | _cTB | ||
| 999 |
_c1290735 _d1290735 |
||